Trazos sobre México, el fin de la historia y la crisis actual /
Uloženo v:
| Hlavní autor: | |
|---|---|
| Médium: | Kniha |
| Jazyk: | Spanish |
| Tagy: |
Přidat tag
Žádné tagy, Buďte první, kdo vytvoří štítek k tomuto záznamu!
|
MARC
| LEADER | 00000nam a22000007a 4500 | ||
|---|---|---|---|
| 003 | cru CIDCACS/IIS | ||
| 005 | 20190118062531.0 | ||
| 007 | ta | ||
| 008 | 190117s20092010mx |||p|r||||||0| ||spa|d | ||
| 999 | |c 42055 |d 42055 | ||
| 040 | |c cru CIDCACS/IIS | ||
| 100 | 1 | |a Payán Velver, Carlos |9 8216 | |
| 245 | 1 | |a Trazos sobre México, el fin de la historia y la crisis actual / |c Carlos Payán Velver | |
| 300 | |a páginas 4-7 | ||
| 773 | 0 | |0 42054 |9 2608 |a Centro de Estudios del Movimiento Obrero y Socialista (México) |d México D.F: CEMOS |o 17703 |t Memoria = |x 01861395 | |
| 942 | |2 ddc |c PP | ||
